000 00807nam a22002531i 4500
001 64727
003 ES-MaACL
007 t|
008 040105s1984 fr ||||0| fre j
016 7 _zIBH8100909649
_zBNE19920648851
_zIBH8505902147
040 _aIBH
_bspa
_cM-BN-DP
_dM-BN-DP
100 1 _aFoucault, Michel,
_d1926-1984
_9241486
245 1 0 _aHistoire de la sexualité /
_cMichel Foucault.
260 _a[Paris] :
_bGallimard,
_c[1984]
300 _a285 p. ;
_c23 cm.
490 1 _aBibliothèque des histoires
505 8 _aContiene: 2. L'usage des plaisirs
740 2 _aL'usage des plaisirs.
830 0 _aBibliothèque des histoires
_9181561
852 _aES-MaACL
_jL-7296
_bR.108069
852 _aES-MaACL
_jL-7297
_bR.108070
999 _c64727
_d64727